000 00620nam a2200217Ia 4500
008 101110s9999 xx 000 0 und d
041 _aENGLISH
082 _bJR5086
100 _aFernandes Sunny, Ashtikar R.G. & others
245 _aOrganisation of commerce and management Std. XI
260 _c2006
_bHimalaya Publishing House, Mumbai
300 _a314
365 _b55
520 _aCommerce
546 _aENGLISH
630 _aOrganisation of commerce and management Std. XI
650 _aCommerce
655 _aCommerce
730 _aOrganisation of commerce and management Std. XI
942 _cBOOK
999 _c795891
_d795888